00525nam a22001697a 450000500170000001000160001702000260003303500140005903700090007308200150008210000240009724500710012125000100019226000340020227000970023630000220033320241120161130.0 aENG--142315 a9789392005039c999.00 aEN-125847 bDBAD a394.260954 aRathore, Kunwar I S aHornbill Festival/c By Kunwar I S RathorebRainbow of North- East aFirst aU.P.bKrishna Publisherc2022 aRTB 157, Royal Tower Shipra Sun City, bGhaziabad, U.P.e201014mkrishnapublisher@gmail.com a248pbk.c22cm(PB)